000 00518nam a2200157 i 4500
001 147055
003 ES-MaACL
005 20230906201802.0
007 t|
008 070920s1952 sp ||||1| spa d
100 1 _aTucidides.
_9111626
245 1 0 _aHistoria de la guerra del Peloponeso /
_cTucidides ; Instrucción y traducción con notas por Francisco Rodríguez Adrados.
260 _aMadrid :
_bHernando y Cía,
_c1952.
300 _a3 t. con 5 maps. plegs. ;
_c18 cm.
852 _aES-MaACL
_jD-8788-90
_bR.33136
999 _c147055
_d147055